The possibilities of forestry as a source of farm income (Record no. 1689)
[ view plain ]
| 000 -LEADER | |
|---|---|
| fixed length control field | 01081cab a2200229 4500 |
| 001 - CONTROL NUMBER | |
| control field | ABS37200 |
| 008 - FIXED-LENGTH DATA ELEMENTS--GENERAL INFORMATION | |
| fixed length control field | 090401t1986 xxu||||| |||| 00| 0 eng d |
| 035 ## - SYSTEM CONTROL NUMBER | |
| System control number | (Sirsi) u2808 |
| 041 ## - LANGUAGE CODE | |
| Language code of text/sound track or separate title | eng |
| 100 ## - MAIN ENTRY--PERSONAL NAME | |
| Personal name | Jennings, A.C.S. |
| 245 #4 - TITLE STATEMENT | |
| Title | The possibilities of forestry as a source of farm income |
| 260 ## - PUBLICATION, DISTRIBUTION, ETC. | |
| Date of publication, distribution, etc. | 1986 |
| 350 ## - PRICE (NR) (BK AM CF MU VM SE) [OBSOLETE] | |
| Price | 0 |
| 490 ## - SERIES STATEMENT | |
| Series statement | National Westminster Bank Agricultural Digest |
| Volume/sequential designation | no 14 October 1986, 2-5(4) |
| 520 ## - SUMMARY, ETC. | |
| Summary, etc. | The current surplus of farm products will necessitate the "setting aside" of a significant area of farmland . For the UK this could be as much as 1.5m ha spread over a period of years. Forestry offers a way of making use of this area. The possibilities of forestry for uplands and lowlands are considered and the economics and alternatives of sale and leasing this set aside land reviewed. Alternative uses such as shooting coverts, mixed grazing and woodland systems are noted. |
| 650 ## - SUBJECT ADDED ENTRY--TOPICAL TERM | |
| Topical term or geographic name entry element | ALTERNATIVE LAND USE |
| 650 ## - SUBJECT ADDED ENTRY--TOPICAL TERM | |
| Topical term or geographic name entry element | FARM FORESTRY |
| 650 ## - SUBJECT ADDED ENTRY--TOPICAL TERM | |
| Topical term or geographic name entry element | Land use |
| 9 (RLIN) | 6251 |
| 690 ## - LOCAL SUBJECT ADDED ENTRY--TOPICAL TERM (OCLC, RLIN) | |
| Topical term or geographic name as entry element | RURAL PRACTICE |
| 942 ## - ADDED ENTRY ELEMENTS (KOHA) | |
| Suppress in OPAC | 0 |
| 948 ## - LOCAL PROCESSING INFORMATION (OCLC); SERIES PART DESIGNATOR (RLIN) | |
| c (OCLC) | 04/03/1997 |
| Withdrawn status | Lost status | Source of classification or shelving scheme | Damaged status | Not for loan | Home library | Current library | Shelving location | Date acquired | Total Checkouts | Full call number | Barcode | Date last seen | Copy number | Price effective from | Koha item type |
|---|---|---|---|---|---|---|---|---|---|---|---|---|---|---|---|
| Dewey Decimal Classification | London | London | Journal article | 14/09/1999 | ABS37200 | 2808-1001 | 06/08/2019 | 1 | 06/08/2019 | Journal article |